000 00652nam1a22002291i 4500
001 rc\209251
005 20240723213830.0
010 _a5711700081
035 _a(NLR Aleph) 005622348
090 _a6506198
_c6506198
100 _a20030307g19919999u |0rusy50 ca
101 0 _arus
102 _aRU
105 _ay |||||||||
200 1 _aСобрание сочинений
_eВ 8 т.
_e[Пер. с англ.]
_fДжеймс Хэдли Чейз
210 _aМ.
_cГолос
_d1991-
215 _d21
700 1 _aЧейз
_bД.Х.
_gДжеймс Хэдли
801 0 _aRU
_bNLR
_gpsbo
801 1 _aRU
_bELAR
_2rusmarc
852 _aNLR
_j95-3/2353
942 _cBOOK